<?xml version="1.0" encoding="UTF-8"?>
<record
    xmlns:xsi="http://www.w3.org/2001/XMLSchema-instance"
    xsi:schemaLocation="http://www.loc.gov/MARC21/slim http://www.loc.gov/standards/marcxml/schema/MARC21slim.xsd"
    xmlns="http://www.loc.gov/MARC21/slim">

  <leader>02759nam a2200325 a 4500</leader>
  <controlfield tag="003">CHAP</controlfield>
  <controlfield tag="005">20250203145556.0</controlfield>
  <controlfield tag="007">ta</controlfield>
  <controlfield tag="008">241204u2013    vtuabd|fr|||| 001 0 eng d</controlfield>
  <datafield tag="020" ind1=" " ind2=" ">
    <subfield code="a">978-1603584449</subfield>
  </datafield>
  <datafield tag="040" ind1=" " ind2=" ">
    <subfield code="a">Z</subfield>
    <subfield code="c">CHAP</subfield>
    <subfield code="e">rda</subfield>
  </datafield>
  <datafield tag="041" ind1="0" ind2=" ">
    <subfield code="b">Ingl&#xE9;s</subfield>
    <subfield code="f">Ingl&#xE9;s</subfield>
  </datafield>
  <datafield tag="082" ind1="0" ind2="0">
    <subfield code="a">631.58</subfield>
    <subfield code="b">F35 2013</subfield>
    <subfield code="2">20</subfield>
  </datafield>
  <datafield tag="100" ind1="1" ind2=" ">
    <subfield code="a">Falk, Ben</subfield>
    <subfield code="9">189799</subfield>
    <subfield code="e">autor</subfield>
  </datafield>
  <datafield tag="245" ind1="1" ind2="4">
    <subfield code="a">The resilient farm and homestead : </subfield>
    <subfield code="b">an innovative permaculture and whole systems design approach /</subfield>
    <subfield code="c">Ben Falk</subfield>
  </datafield>
  <datafield tag="264" ind1=" " ind2="1">
    <subfield code="a">White River Junction, Vermont :</subfield>
    <subfield code="b">Chelsea Green Publishing,</subfield>
    <subfield code="c">&#xA9;2031</subfield>
  </datafield>
  <datafield tag="300" ind1=" " ind2=" ">
    <subfield code="a">04 p&#xE1;ginas :</subfield>
    <subfield code="b">ilustraciones, mapas, graficas, tablas</subfield>
  </datafield>
  <datafield tag="336" ind1=" " ind2=" ">
    <subfield code="2">rdacontent</subfield>
    <subfield code="a">texto</subfield>
    <subfield code="b">txt</subfield>
  </datafield>
  <datafield tag="337" ind1=" " ind2=" ">
    <subfield code="2">rdamedia</subfield>
    <subfield code="a">sin medio</subfield>
    <subfield code="b">n</subfield>
  </datafield>
  <datafield tag="338" ind1=" " ind2=" ">
    <subfield code="2">rdacarrier</subfield>
    <subfield code="a">volumen</subfield>
    <subfield code="b">nc</subfield>
  </datafield>
  <datafield tag="500" ind1=" " ind2=" ">
    <subfield code="a">ej.1: Consumo</subfield>
  </datafield>
  <datafield tag="505" ind1=" " ind2=" ">
    <subfield code="a">Chapter one: Creating a positive legacy while adaptating to rapid change -- Chapter two: The design process and site establishment -- Chapter three: Water and earthworks -- Chapter four: Fertility harvesting and cycling -- Chapter five: food crops -- Chapter six: adaptative fuel and shelter -- Chapter seven: Resilience and regeneration for the long haul -- Acknowledgments -- Appendix A: Assessing resiliency aptitude quiz -- Appendix B: A resilient home curriculum outline -- Appendix C: Crucial skill list for  emergencies -- Appendix D: Tools and materials -- Appendix E: Homestead vulnerability checklist and strategy summary to reduce vulnerability in acute events -- Appendix F: Vocabulary and concepts -- Appendix G: Resources -- Index.</subfield>
  </datafield>
  <datafield tag="520" ind1=" " ind2=" ">
    <subfield code="a">The Resilient Farm and Homestead is a manual for developing durable, beautiful, and highly functional human habitat systems fit to handle an age of rapid transition.
The book covers nearly every strategy Falk and his team have been testing at the Whole Systems Research Farm over the past decade, as well as experiments from other sites Falk has designed through his off-farm consulting business. The book includes detailed information on earthworks; gravity-fed water systems; species composition; the site-design process; site management; fuelwood hedge production and processing; human health and nutrient-dense production strategies; rapid topsoil formation and remineralization; agroforestry/silvopasture/grazing; ecosystem services, especially regarding flood mitigation; fertility management; human labor and social-systems aspects; tools/equipment/appropriate technology; and much more, complete with gorgeous photography and detailed design drawings.
</subfield>
  </datafield>
  <datafield tag="534" ind1=" " ind2=" ">
    <subfield code="p">T&#xED;tulo original:</subfield>
  </datafield>
  <datafield tag="650" ind1="1" ind2="3">
    <subfield code="a">Permacultura</subfield>
    <subfield code="9">190047</subfield>
  </datafield>
  <datafield tag="650" ind1="1" ind2="3">
    <subfield code="a">Ecolog&#xED;a agr&#xED;cola</subfield>
    <subfield code="9">35165</subfield>
  </datafield>
  <datafield tag="650" ind1="1" ind2="3">
    <subfield code="a">Agricultura sustentable</subfield>
    <subfield code="9">2011</subfield>
  </datafield>
  <datafield tag="650" ind1="1" ind2="0">
    <subfield code="a">Buenas pr&#xE1;cticas agr&#xED;colas  </subfield>
    <subfield code="9">157561</subfield>
  </datafield>
  <datafield tag="942" ind1=" " ind2=" ">
    <subfield code="2">ddc</subfield>
    <subfield code="c">LIBRO</subfield>
  </datafield>
  <datafield tag="999" ind1=" " ind2=" ">
    <subfield code="c">220299</subfield>
    <subfield code="d">220299</subfield>
  </datafield>
  <datafield tag="952" ind1=" " ind2=" ">
    <subfield code="0">0</subfield>
    <subfield code="1">0</subfield>
    <subfield code="2">ddc</subfield>
    <subfield code="4">0</subfield>
    <subfield code="5">1</subfield>
    <subfield code="7">0</subfield>
    <subfield code="8">GRAL</subfield>
    <subfield code="a">Z</subfield>
    <subfield code="b">Z</subfield>
    <subfield code="d">2019-10-02</subfield>
    <subfield code="e">Compra Libreria UACh No. 38301</subfield>
    <subfield code="i">Consumo</subfield>
    <subfield code="l">0</subfield>
    <subfield code="o">631.58 F35 2013</subfield>
    <subfield code="p">5102007513</subfield>
    <subfield code="r">2024-12-04 13:18:05</subfield>
    <subfield code="t">Ej.1</subfield>
    <subfield code="w">2024-12-04</subfield>
    <subfield code="y">LIBRO</subfield>
  </datafield>
</record>
